Biologie végétale : Croissance et développement : Croissance et développement (notice n° 2167258)
[ vue normale ]
| 000 -LEADER | |
|---|---|
| fixed length control field | 01708cam a2200265 4500500 |
| 005 - DATE AND TIME OF LATEST TRANSACTION | |
| control field | 20260405041110.0 |
| 041 ## - LANGUAGE CODE | |
| Language code of text/sound track or separate title | fre |
| 042 ## - AUTHENTICATION CODE | |
| Authentication code | dc |
| 100 10 - MAIN ENTRY--PERSONAL NAME | |
| Personal name | Morot-Gaudry |
| Relator term | author |
| 245 00 - TITLE STATEMENT | |
| Title | Biologie végétale : Croissance et développement : Croissance et développement |
| 260 ## - PUBLICATION, DISTRIBUTION, ETC. | |
| Name of publisher, distributor, etc. | Dunod,<br/> |
| Date of publication, distribution, etc. | 2021.<br/> |
| 520 ## - SUMMARY, ETC. | |
| Summary, etc. | Intégrant les derniers acquis de la biologie cellulaire et de la génétique moléculaire, cette quatrième édition, entièrement corrigée, offre un panorama de l’ensemble de la biologie végétale enseignée dans les premières années d’études supérieures (Licence, Pharmacie, classes préparatoires, IUT).Ce volume traite des aspects physiologiques et moléculaires de la croissance et du développement des végétaux supérieurs. Clair et concis, très illustré, le cours est enrichi par des encarts apportant quelques compléments techniques ou historiques. Des questions de révision en fin de chapitre, toutes corrigées, permettent de tester ses connaissances et de s’entraîner avant l’épreuve.Des compléments sont disponibles sur le site dunod.com. |
| 700 10 - ADDED ENTRY--PERSONAL NAME | |
| Personal name | Lepiniec, Loïc |
| Relator term | author |
| 700 10 - ADDED ENTRY--PERSONAL NAME | |
| Personal name | Prat, Roger |
| Relator term | author |
| 700 10 - ADDED ENTRY--PERSONAL NAME | |
| Personal name | Gévaudant, Fréderic |
| Relator term | author |
| 700 10 - ADDED ENTRY--PERSONAL NAME | |
| Personal name | Laufs, Patrick |
| Relator term | author |
| 700 10 - ADDED ENTRY--PERSONAL NAME | |
| Personal name | Masclaux-Daubresse, Céline |
| Relator term | author |
| 700 10 - ADDED ENTRY--PERSONAL NAME | |
| Personal name | Parcy, François |
| Relator term | author |
| 700 10 - ADDED ENTRY--PERSONAL NAME | |
| Personal name | Perrot-Rechenmann, Catherine |
| Relator term | author |
| 700 10 - ADDED ENTRY--PERSONAL NAME | |
| Personal name | Rajjou, Loïc |
| Relator term | author |
| 700 10 - ADDED ENTRY--PERSONAL NAME | |
| Personal name | Reisdorf-Cren, Michèle |
| Relator term | author |
| 700 10 - ADDED ENTRY--PERSONAL NAME | |
| Personal name | Richard, Luc |
| Relator term | author |
| 700 10 - ADDED ENTRY--PERSONAL NAME | |
| Personal name | Savouré, Arnould |
| Relator term | author |
| 856 41 - ELECTRONIC LOCATION AND ACCESS | |
| Uniform Resource Identifier | <a href="https://stm.cairn.info/biologie-vegetale-croissance-et-developpement--9782100823581?lang=fr&redirect-ssocas=7080">https://stm.cairn.info/biologie-vegetale-croissance-et-developpement--9782100823581?lang=fr&redirect-ssocas=7080</a> |
Pas d'exemplaire disponible.




Réseaux sociaux